Sultan puncak mahligai

Bibliographic Details
Main Author: Zarina Ismail
Format: Book
Published: Seremban : Goodwill Publications , 2009
Subjects:

MARC

LEADER 00000cam a2200000 7i4500
001 0000173473
005 20130326.0
020 |a 9789834411503 
090 0 0 |a JF   |b ZAR 
100 0 |a Zarina Ismail 
245 1 0 |a Sultan puncak mahligai   |c Zarina Ismail 
260 |a Seremban :   |b Goodwill Publications ,   |c 2009 
300 |a 30p. ;   |c 21cm. 
650 0 0 |a Children's stories, Malay 
999 |a 00277888   |b BUKU   |c PINJAMAN   |e PERPUSTAKAAN KOMUNITI CAW TAMAN MEDAN